<?xml version="1.0" encoding="UTF-8"?><?xml-stylesheet type="text/xsl" href="static/style.xsl"?><OAI-PMH xmlns="http://www.openarchives.org/OAI/2.0/" xmlns:xsi="http://www.w3.org/2001/XMLSchema-instance" xsi:schemaLocation="http://www.openarchives.org/OAI/2.0/ http://www.openarchives.org/OAI/2.0/OAI-PMH.xsd"><responseDate>2026-06-02T03:49:50Z</responseDate><request verb="GetRecord" identifier="oai:riuma.uma.es:10630/32433" metadataPrefix="marc">https://riuma.uma.es/rest/oai/request</request><GetRecord><record><header><identifier>oai:riuma.uma.es:10630/32433</identifier><datestamp>2026-02-03T12:10:48Z</datestamp><setSpec>com_10630_2254</setSpec><setSpec>col_10630_37959</setSpec></header><metadata><record xmlns="http://www.loc.gov/MARC21/slim" xmlns:dcterms="http://purl.org/dc/terms/" xmlns:doc="http://www.lyncode.com/xoai" xmlns:xsi="http://www.w3.org/2001/XMLSchema-instance" xsi:schemaLocation="http://www.loc.gov/MARC21/slim http://www.loc.gov/standards/marcxml/schema/MARC21slim.xsd">
   <leader>00925njm 22002777a 4500</leader>
   <datafield ind2=" " ind1=" " tag="042">
      <subfield code="a">dc</subfield>
   </datafield>
   <datafield ind2=" " ind1=" " tag="720">
      <subfield code="a">Giménez-Gualdo, Ana María</subfield>
      <subfield code="e">author</subfield>
   </datafield>
   <datafield ind2=" " ind1=" " tag="260">
      <subfield code="c">2012</subfield>
   </datafield>
   <datafield ind2=" " ind1=" " tag="520">
      <subfield code="a">La diversidad del alumnado en los centros escolares es una realidad que necesita de respuestas plausibles atentas a&#xd;
las diferencias, aún más si cabe, cuando se trata de menores que manifiestan una violencia injustificada contra sus&#xd;
compañeros en las aulas. Esta violencia conocida como Bullying se expande ahora al ciberespacio (Cyberbullying),&#xd;
donde aprovechando la potencialidad de las tecnologías, los escolares continúan vejando e insultado a otro igual. Las&#xd;
consecuencias que se derivan del padecimiento de estas formas de acoso afectan a la individualidad personal, social y&#xd;
académica de todos sus implicados propiciando procesos de exclusión que no hacen más que acrecentar el rechazo y&#xd;
las diferencias. En respuesta, las escuelas deben poner en marcha medidas insertas en los Planes de Convivencia,&#xd;
concebidos para facilitar las relaciones interpersonales, prevenir y resolver de forma pacífica los conflictos.</subfield>
   </datafield>
   <datafield ind1="8" ind2=" " tag="024">
      <subfield code="a">https://hdl.handle.net/10630/32433</subfield>
   </datafield>
   <datafield tag="653" ind2=" " ind1=" ">
      <subfield code="a">Ciberacoso</subfield>
   </datafield>
   <datafield tag="653" ind2=" " ind1=" ">
      <subfield code="a">Investigación activa en educación</subfield>
   </datafield>
   <datafield ind2="0" ind1="0" tag="245">
      <subfield code="a">Las dinámicas de cyberbullying como ejemplo de exclusión educativa.</subfield>
   </datafield>
</record>
</metadata></record></GetRecord></OAI-PMH>